01659nam a22001697a 4500020002200000082001200022100002200034245004600056260003400102300000800136500107300144650001401217942000701231952012701238952010701365999001701472 a978-81-8465-547-6 a248 KOZ aKozhamthadam, Job aScience, Mysticism and East-West Dialogue aDelhibISPCK Publishersc2016 a278 aScience-Mysticism Dialogue: A Surer Path to Fullness: Job Kozhamthadam Symbiosis and the Transpersonal Quest for Oneness: Lancy Pereira Inner Net of the Heart: The Fractal nature of Consciousness: Will Keepin Pathway to Reality: N.V. Kulkarni Mysticism and East-West Dialogue on Darwinism: T.D. Singh Science and the Sacred, Silence and Service: Towards a Dialogical Enrichment between Eastern and Western Mysticism: Kuruvilla Pandikattu Self-Organizing Systems and Final Causality: Joseph Bracken The Theory of Evolution: Input for a Teilhardian Mysticism: Kathleen Duffy Mysticism as Re-enchanting the World: Teilhard De Chardin and Albert Einstein: Sarojini Henry Islamic Perspective on Mysticism and Modern Science: Yusuf Amin Modern Science, Mysticism and East-West Dialogue: Tribal Perspective: Nirmal Minz Concept of Reality Aad Guru Granth Sahib and its physical, Metaphysical and Mystical Aspects: Hardev Singh Virk The Puzzle of Experiential Primacy and Consciousness: Sangeetha Menon Engaged Contemplation for a Troubled World: William Grassie  aMysticism cBK 00104070aHMIbHMIcGENd2017-11-07eISPCK Publishersg375.00l1o248 KOZp25420r2019-08-20s2019-08-08w2017-11-22yBK 00104070aHMIbHMIcGENd2020-06-11eISPCKg375.00l0o248 KOZp11004424r2026-01-16w2026-01-16yBK c20774d20774